LEADER 01440nam 2200409 a 450 001 9910700182503321 005 20110919153457.0 035 $a(CKB)5470000002407138 035 $a(OCoLC)753575910 035 $a(EXLCZ)995470000002407138 100 $a20110919d2011 ua 0 101 0 $aeng 135 $aurbn||||||||| 181 $ctxt$2rdacontent 182 $cc$2rdamedia 183 $acr$2rdacarrier 200 00$aConservation Reserve Enhancement Program$b[electronic resource] $eSkaneateles Lake, New York 210 1$a[Washington, D.C.] :$cU.S. Dept. of Agriculture, Farm Service Agency,$d[2011] 215 $a1 online resource (2 pages) 225 1 $aFact sheet 300 $aTitle from title screen (viewed on Sept. 19, 2011). 300 $a"February 2011." 517 $aConservation Reserve Enhancement Program 606 $aWellhead protection$zNew York (State)$zSkaneateles Lake 606 $aConservation of natural resources$zNew York (State)$zSkaneateles Lake 606 $aEnvironmental protection$zNew York (State)$zSkaneateles Lake 615 0$aWellhead protection 615 0$aConservation of natural resources 615 0$aEnvironmental protection 712 02$aUnited States.$bFarm Service Agency. 801 0$bGPO 801 1$bGPO 801 2$bGPO 906 $aBOOK 912 $a9910700182503321 996 $aConservation Reserve Enhancement Program$93481002 997 $aUNINA LEADER 02732oam 2200661I 450 001 9910789962303321 005 20230801222001.0 010 $a1-136-58406-4 010 $a0-203-15699-4 010 $a1-136-58407-2 024 7 $a10.4324/9780203156995 035 $a(CKB)2670000000161255 035 $a(EBL)957902 035 $a(OCoLC)798531636 035 $a(SSID)ssj0000688366 035 $a(PQKBManifestationID)12268875 035 $a(PQKBTitleCode)TC0000688366 035 $a(PQKBWorkID)10757653 035 $a(PQKB)10907859 035 $a(MiAaPQ)EBC957902 035 $a(Au-PeEL)EBL957902 035 $a(CaPaEBR)ebr10610127 035 $a(CaONFJC)MIL760858 035 $a(OCoLC)782916545 035 $a(EXLCZ)992670000000161255 100 $a20180706d2012 uy 0 101 0 $aeng 135 $aurcn#---m|||| 181 $ctxt$2rdacontent 182 $cc$2rdamedia 183 $acr$2rdacarrier 200 10$aDance studies $ethe basics /$fJo Butterworth 210 1$aAbingdon, Oxon :$cRoutledge,$d2012. 215 $a1 online resource (220 p.) 225 1 $aThe basics 300 $aBibliographic Level Mode of Issuance: Monograph 311 $a0-415-58255-5 311 $a0-415-58254-7 320 $aIncludes bibliographical references and index. 327 $a1. Training for dance -- 2. Making dances -- 3. Dance theatre history -- 4. Performing dances -- 5. Appreciating dance -- 6. Applied dance studies -- Conclusion: your first steps towards studying dance. 330 $a"Dance Studies: The Basics is a concise introduction to the study of dance ranging from the practical aspects such as technique and to more theoretical considerations such as aesthetic appreciation and the place of dance in different cultures. Including examples from dance forms such as ballet, jazz, tap, contemporary and urban, this book answers questions such as: Exactly how do we define 'dance'? What kinds of people dance and what kind of training is necessary? How are dances made? What do we know about dance history? Featuring a glossary, chronology of dance history and list of useful websites, this book is the ideal starting point for anyone interested in the study of dance"--$cProvided by publisher. 410 0$aBasics (Routledge (Firm)) 606 $aDance 606 $aChoreography 606 $aDance$xHistory 615 0$aDance. 615 0$aChoreography. 615 0$aDance$xHistory. 676 $a792.7/8 686 $aPER000000$2bisacsh 700 $aButterworth$b Jo.$01505888 801 0$bMiAaPQ 801 1$bMiAaPQ 801 2$bMiAaPQ 906 $aBOOK 912 $a9910789962303321 996 $aDance studies$93735842 997 $aUNINA